| 000 | 00673nam a2200133Ia 4500 | ||
|---|---|---|---|
| 008 | 171212s9999 xx 000 0 und d | ||
| 020 | _a9780874217346 | ||
| 100 | _aScott, Tony | ||
| 245 |
_cScott, Tony _aDangerous Writing _bUnderstanding the Political Economy of Composition |
||
| 260 |
_bUniversity Press of Colorado _c2009 |
||
| 650 | _aEducation | ||
| 650 | _aEnglish language -- Rhetoric -- Study and teaching (Higher) -- Political aspects -- United States; English language -- Rhetoric -- Study and teaching (Higher) -- Social aspects -- United States; Academic writing -- Study and teaching -- Political aspects | ||
| 856 | _uwww.jstor.org/stable/10.2307/j.ctt4cgjnm | ||
| 999 |
_c353053 _d353053 |
||